000 00454cam a22001934a 4500
005 20250605164251.0
008 250528s ||||||||||||||||||||||||d
035 _a21754
020 _a9780750677929
040 _aGR-AtMCL
_bgre
_dGR-AtMCL
_eAACR2
245 1 _aEMBEDDED SYSTEMS ARCHITECTURE
250 _a1
260 _bElsevier,
_c2005
300 _a640
700 1 _aNoergaard Tammy
_97680
942 _cBK
999 _c6813
_d6813